Liquid Democracy in Deutschland : Zur Zukunft digitaler politischer Entscheidungsfindung nach dem Niedergang der Piratenpartei.

Bibliographic Details
Main Author: Adler, Anja.
Format: eBook
Language:German
Published: Bielefeld : transcript, 2018.
Edition:1st ed.
Series:Edition Politik
Subjects:
Online Access:Click to View
LEADER 01956nam a22003853i 4500
001 EBC6757437
003 MiAaPQ
005 20231204023219.0
006 m o d |
007 cr cnu||||||||
008 231204s2018 xx o ||||0 ger d
020 |a 9783839442609  |q (electronic bk.) 
020 |z 9783837642605 
035 |a (MiAaPQ)EBC6757437 
035 |a (Au-PeEL)EBL6757437 
035 |a (OCoLC)1046615218 
040 |a MiAaPQ  |b eng  |e rda  |e pn  |c MiAaPQ  |d MiAaPQ 
100 1 |a Adler, Anja. 
245 1 0 |a Liquid Democracy in Deutschland :  |b Zur Zukunft digitaler politischer Entscheidungsfindung nach dem Niedergang der Piratenpartei. 
250 |a 1st ed. 
264 1 |a Bielefeld :  |b transcript,  |c 2018. 
264 4 |c ©2018. 
300 |a 1 online resource (254 pages) 
336 |a text  |b txt  |2 rdacontent 
337 |a computer  |b c  |2 rdamedia 
338 |a online resource  |b cr  |2 rdacarrier 
490 1 |a Edition Politik ;  |v v.59 
505 0 |a Intro -- Inhalt -- Vorwort -- I. Einleitung -- II. Methodische Grundlagen und Reflexion -- III. Forschungsleitende Annahmen und Präkonzepte -- IV. Die Entstehungsgeschichte der Liquid Democracy -- V. Schlussbetrachtung: Im Dialog mit den eigenen Daten -- VI. Ausblick: »Operation gelungen, Patient tot?« Was bleibt von Liquid Democracy, was kommt danach? -- VII. Methodischer Anhang -- VIII. Bibliographie. 
588 |a Description based on publisher supplied metadata and other sources. 
590 |a Electronic reproduction. Ann Arbor, Michigan : ProQuest Ebook Central, 2023. Available via World Wide Web. Access may be limited to ProQuest Ebook Central affiliated libraries.  
655 4 |a Electronic books. 
776 0 8 |i Print version:  |a Adler, Anja  |t Liquid Democracy in Deutschland  |d Bielefeld : transcript,c2018  |z 9783837642605 
797 2 |a ProQuest (Firm) 
830 0 |a Edition Politik 
856 4 0 |u https://ebookcentral.proquest.com/lib/matrademy/detail.action?docID=6757437  |z Click to View